| 000 | 003390000a22001570004500 | ||
|---|---|---|---|
| 001 | 000784 | ||
| 003 | MACL | ||
| 040 | _aMACL | ||
| 090 |
_c784 _d784 |
||
| 100 | _aNarasimhan, P.S. | ||
| 245 |
_aUpnisads-What Do They say? _cP.S. Narasimhan |
||
| 260 |
_aV.M. Lakshminarayan, _c1997 |
||
| 350 | _a50 | ||
| 650 | _aReligion | ||
| 942 |
_k294 _cBook |
||
| 999 |
_c782 _d782 |
||